Vplyv entropie systému na vzťah medzi investovaním, ekonomickým rastom a efektívnosťou investícií

Teoretické princípy základných vzťahov a ich modifikácia. Systémy, ich štruktúry a správanie. Entropia a teória chaosu.

Na minha lista:
Detalhes bibliográficos
Autor principal: Moravčík, Alexander
Formato: Capítulo de Livro
Idioma:eslovaco
Assuntos:
Tags: Adicionar Tag
Sem tags, seja o primeiro a adicionar uma tag!

MARC

LEADER 00000naa$a2200000$$$4500
001 0053414
005 20240502071621.6
041 0 |a slo 
044 |a SK 
245 1 0 |a Vplyv entropie systému na vzťah medzi investovaním, ekonomickým rastom a efektívnosťou investícií  |c Alexander Moravčík 
520 |a Teoretické princípy základných vzťahov a ich modifikácia. Systémy, ich štruktúry a správanie. Entropia a teória chaosu. 
610 2 0 |a teória chaosu 
610 2 0 |a entropia 
610 2 0 |a investovanie 
610 2 0 |a rast hospodársky 
610 2 0 |a efektívnosť investícií 
610 2 0 |a teórie ekonomické 
610 2 0 |a pojmy 
100 1 |a Moravčík, Alexander